Ναυτιλιακή Λογιστική / Τρίτη Έκδοση (Record no. 3808)
[ view plain ]
| 000 -LEADER | |
|---|---|
| fixed length control field | 02167cam a22002294a 4500 |
| 005 - ΗΜΕΡΟΜΗΝΙΑ ΚΑΙ ΩΡΑ ΤΕΛΕΥΤΑΙΑΣ ΕΝΗΜΕΡΩΣΗΣ | |
| Πεδίο ελέγχου | 20250605164126.0 |
| 008 - FIXED-LENGTH DATA ELEMENTS--GENERAL INFORMATION | |
| Πεδίο ελέγχου σταθερού μήκους | 250528s ||||||||||||||||||||||||d |
| 035 ## - SYSTEM CONTROL NUMBER | |
| System control number | 18447 |
| 020 ## - ISBN | |
| ISBN | 9602203358 |
| 040 ## - ΠΗΓΗ ΚΑΤΑΛΟΓΟΓΡΑΦΗΣΗΣ | |
| Φορέας πρωτότυπης καταλογογράφησης | MC Athens Campus Library |
| Γλώσσα καταλογογράφησης | Ελληνικά, Μοντέρνα (1453-) |
| Modifying agency | MC Athens Campus Library |
| Κανόνες περιγραφικής καταλογογράφησης | AACR2 |
| 245 1# - ΤΙΤΛΟΣ ΚΑΙ ΔΗΛΩΣΗ ΥΠΕΥΘΥΝΟΤΗΤΑΣ | |
| Τίτλος | Ναυτιλιακή Λογιστική / Τρίτη Έκδοση |
| 250 ## - EDITION STATEMENT | |
| Edition statement | 3η |
| 260 ## - PUBLICATION, DISTRIBUTION, ETC. | |
| Name of publisher, distributor, etc. | Πειραιάς, |
| Date of publication, distribution, etc. | 1999 |
| 300 ## - PHYSICAL DESCRIPTION | |
| Extent | 416 |
| 505 0# - FORMATTED CONTENTS NOTE | |
| Formatted contents note | Πρόλογος, Οι Θαλάσσιες Μεταφορές, Η Ελληνική Ναυτιλία, Το Πλοίο, Ναυτιλιακές Επιχειρήσεις, Μελέτη του Λογιστικού Σχεδίου των Ναυτιλιακών Επιχειρήσεων,Ανάλυση και Λειτουργία των Λογαριασμών Ενεργητικού, Ανάλυση και Λειτουργία των Λογαριασμών Παθητικού, Οργανικά Έξοδα και Έσοδα Κατ'Είδος, Λογαριασμοί Αποτελεσμάτων, Αναλυτική Λογιστική Εκμεταλλεύσεως, Η Φορολογία των Πλοίων, Παράρτημα, Αγγλική Ορολογία, Βιβλιογραφία. |
| 520 ## - SUMMARY, ETC. | |
| Summary, etc. | Πρόλογος, Οι Θαλάσσιες Μεταφορές, Η Ελληνική Ναυτιλία, Το Πλοίο, Ναυτιλιακές Επιχειρήσεις, Μελέτη του Λογιστικού Σχεδίου των Ναυτιλιακών Επιχειρήσεων,Ανάλυση και Λειτουργία των Λογαριασμών Ενεργητικού, Ανάλυση και Λειτουργία των Λογαριασμών Παθητικού, Οργανικά Έξοδα και Έσοδα Κατ'Είδος, Λογαριασμοί Αποτελεσμάτων, Αναλυτική Λογιστική Εκμεταλλεύσεως, Η Φορολογία των Πλοίων, Παράρτημα, Αγγλική Ορολογία, Βιβλιογραφία. |
| 700 1# - ΠΡΟΣΘΕΤΗ ΑΝΑΓΡΑΦΗ--ΦΥΣΙΚΟ ΠΡΟΣΩΠΟ | |
| Personal name | Λεκαράκου - Νιζάμη Κατερίνα |
| 9 (RLIN) | 2772 |
| 700 1# - ΠΡΟΣΘΕΤΗ ΑΝΑΓΡΑΦΗ--ΦΥΣΙΚΟ ΠΡΟΣΩΠΟ | |
| Personal name | Παπασπύρου Άγγελος |
| 9 (RLIN) | 4711 |
| 942 ## - ADDED ENTRY ELEMENTS (KOHA) | |
| Koha item type | Books |
| Τύπος τεκμηρίου | Βιβλιοθήκη | Τρέχουσα τοποθεσία | Barcode | Αριθμός εισαγωγής | Ημερομηνία απόκτησης | Ταξιθετικό σύμβολο | Αριθμός αντιτύπου | Κατάσταση απόσυρσης | Κατάσταση χαμένου | Κατάσταση κατεστραμμένου | Μη δανεισμός | Σύνολο δανεισμών | Ημερομηνία τελευταίας εμφάνισης | Η τιμή ισχύει από |
|---|---|---|---|---|---|---|---|---|---|---|---|---|---|---|
| Books | MC Athens Campus Library | MC Athens Campus Library | 9780000038074 | 3138 | 05/06/2025 | 657.8 LEK | 1 | 05/06/2025 | 05/06/2025 |